The nature of leadership. (2nd ed.) (Record no. 52007)

MARC details
000 -LEADER
fixed length control field 02223nam a2200229 a 4500
001 - CONTROL NUMBER
control field 16603820
008 - FIXED-LENGTH DATA ELEMENTS--GENERAL INFORMATION
fixed length control field 161118s2012 ||||||||||||||||| || u
010 ## - LIBRARY OF CONGRESS CONTROL NUMBER
LC control number 2010054158
020 ## - INTERNATIONAL STANDARD BOOK NUMBER
International Standard Book Number 9781412980203
050 ## - LIBRARY OF CONGRESS CALL NUMBER
Classification number HD 57.7 Nat
100 ## - MAIN ENTRY--PERSONAL NAME
Personal name Day, David V
245 14 - TITLE STATEMENT
Title The nature of leadership. (2nd ed.)
Statement of responsibility, etc. Edited by David V. Day, John Antonakis.
250 ## - EDITION STATEMENT
Edition statement 2nd ed.
260 ## - PUBLICATION, DISTRIBUTION, ETC.
Place of publication, distribution, etc. Los Angeles
Name of publisher, distributor, etc. SAGE Publications
Date of publication, distribution, etc. 2012
300 ## - PHYSICAL DESCRIPTION
Extent ix, 597 p. : ill.
350 ## - PRICE (NR) (BK AM CF MU VM SE) [OBSOLETE]
Price 107.00
500 ## - GENERAL NOTE
General note Includes bibliographical references and indexes.
505 ## - FORMATTED CONTENTS NOTE
Formatted contents note Leadership : past, present, and future / David V. Day & John Antonakis -- Leadership : science, nature, and nurture -- Aggregation processes and levels of analysis as organizing structures for leadership theory / Robert G. Lord & Jessica E. Dinh -- Advances in leadership research methods / Michael J. Zyphur, Adam P. Barsky, & Zhen Zhang -- The nature of leadership development / David V. Day -- The nature in leadership : evolutionary, biological, and social neuroscience perspectives / Mark Van Vugt -- The major schools of leadership -- Individual differences in leadership / Timothy A. Judge & David M. Long -- Contingencies, context, situation, and leadership / Roya Ayman & Susan Adams -- Transformational and charismatic leadership / John Antonakis -- The nature of relational leadership : a multi-theoretical lens on leadership relationships and processes / Mary Uhl-Bien, John Maslyn, & Sonia Ospina -- In the minds of followers : follower-centric approaches to leadership / Douglas J. Brown -- The nature of shared leadership / Christina L. Wassenaar & Craig L. Pearce -- Leadership and special domains -- Leadership and culture / Deanne N. Den Hartog & Marcus W. Dickson -- Leadership and gender / Linda L. Carli & Alice H. Eagly -- Leadership and identity / Daan van Knippenberg -- Ethics effectiveness : the nature of good leadership / Joanne B. Ciulla -- Conclusions -- The crucibles of authentic leadership / Warren Bennis.
650 #0 - SUBJECT ADDED ENTRY--TOPICAL TERM
Topical term or geographic name entry element LEADERSHIP
700 ## - ADDED ENTRY--PERSONAL NAME
Personal name Antonakis, John
995 ## - RECOMMENDATION 995 [LOCAL, UNIMARC FRANCE]
-- 107.00
-- CBU-MAIN LIBRARY (Kitwe)
-- 1
-- AVAILABLE
-- Nov 18, 2016
-- Main Library Open Access Collection
Holdings
Withdrawn status Lost status Source of classification or shelving scheme Damaged status Not for loan Home library Current library Shelving location Date acquired Total Checkouts Full call number Barcode Date last seen Price effective from Koha item type
          CBU-MAIN LIBRARY, KITWE. CBU-MAIN LIBRARY, KITWE.   11/30/2022   HD 57.7 Nat 747074 11/30/2022 11/30/2022 MONOGRAPH